Computer networks / (Record no. 18750)
[ view plain ]
| 000 -LEADER | |
|---|---|
| fixed length control field | 00997pam a2200289 a 4500 |
| 001 - CONTROL NUMBER | |
| control field | 015668274 |
| 003 - CONTROL NUMBER IDENTIFIER | |
| control field | OSt |
| 005 - DATE AND TIME OF LATEST TRANSACTION | |
| control field | 20201128021141.0 |
| 008 - FIXED-LENGTH DATA ELEMENTS--GENERAL INFORMATION | |
| fixed length control field | 101005t2011 xxuadk frb 001 0 eng d |
| 020 ## - INTERNATIONAL STANDARD BOOK NUMBER | |
| International Standard Book Number | 9780132553179 (pbk.) |
| 020 ## - INTERNATIONAL STANDARD BOOK NUMBER | |
| International Standard Book Number | 0132553171 (pbk.) |
| 040 ## - CATALOGING SOURCE | |
| Original cataloging agency | StDuBDS |
| Language of cataloging | eng |
| Transcribing agency | StDuBDS |
| Modifying agency | Uk |
| -- | EG-ScBUE |
| 082 00 - DEWEY DECIMAL CLASSIFICATION NUMBER | |
| Classification number | 004.6 |
| Edition number | 22 |
| Item number | TAN |
| 100 1# - MAIN ENTRY--PERSONAL NAME | |
| Personal name | Tanenbaum, Andrew S., |
| Dates associated with a name | 1944- |
| 9 (RLIN) | 36862 |
| 245 10 - TITLE STATEMENT | |
| Title | Computer networks / |
| Statement of responsibility, etc | Andrew S. Tanenbaum, David J. Wetherall. |
| 250 ## - EDITION STATEMENT | |
| Edition statement | 5th ed., |
| Remainder of edition statement | International ed. |
| 260 ## - PUBLICATION, DISTRIBUTION, ETC. (IMPRINT) | |
| Place of publication, distribution, etc | Boston, United States : |
| Name of publisher, distributor, etc | Pearson Education Inc., |
| Date of publication, distribution, etc | c.2011. |
| 300 ## - PHYSICAL DESCRIPTION | |
| Extent | 951 p. : |
| Other physical details | charts, forms, tables ; |
| Dimensions | 24 cm. |
| 500 ## - GENERAL NOTE | |
| General note | Previous ed. : Upper Saddle River, N.J.: Prentice Hall PTR, 2003. |
| 500 ## - GENERAL NOTE | |
| General note | Index : p. 923-951.<br/> |
| 504 ## - BIBLIOGRAPHY, ETC. NOTE | |
| Bibliography, etc | Bibliography : p. 902-919.<br/> |
| 650 #0 - SUBJECT ADDED ENTRY--TOPICAL TERM | |
| Topical term or geographic name as entry element | Computer networks |
| 9 (RLIN) | 1660 |
| 653 ## - INDEX TERM--UNCONTROLLED | |
| Resource For college | Engineering, Electrical |
| -- | Informatics and Computer Science |
| Arrived date list | December2014 |
| 655 ## - INDEX TERM--GENRE/FORM | |
| Form subdivision | |
| -- | 34232 |
| 700 1# - ADDED ENTRY--PERSONAL NAME | |
| Personal name | Wetherall, D. |
| Fuller form of name | (David) |
| 9 (RLIN) | 36863 |
| 942 ## - ADDED ENTRY ELEMENTS (KOHA) | |
| Source of classification or shelving scheme | Dewey Decimal Classification |
| Call number prefix | 004.6 TAN |
| Withdrawn status | Item status | Source of classification or shelving scheme | Damaged status | Not for loan | Vendor | Home library | Current library | Shelving location | Date acquired | Source of acquisition | Cost, normal purchase price | Serial Enumeration / chronology | Total Checkouts | Total Renewals | Full call number | Barcode | Date last seen | Date last borrowed | Cost, replacement price | Koha item type | Checked out |
|---|---|---|---|---|---|---|---|---|---|---|---|---|---|---|---|---|---|---|---|---|---|
| Dewey Decimal Classification | Baccah | Central Library | Central Library | Lower Floor | 10/12/2014 | 264.00 | 20677 | 2 | 7 | 004.6 TAN | 000037144 | 15/07/2025 | 01/10/2017 | 330.00 | Book - Borrowing | ||||||
| Dewey Decimal Classification | Baccah | Central Library | Central Library | Lower Floor | 10/12/2014 | 264.00 | 20677 | 004.6 TAN | 000037145 | 15/07/2025 | 330.00 | Book - Borrowing | |||||||||
| Dewey Decimal Classification | Baccah | Central Library | Central Library | Lower Floor | 11/12/2014 | 264.00 | 20677 | 1 | 3 | 004.6 TAN | 000037146 | 18/12/2018 | 18/12/2018 | 330.00 | Book - Borrowing | 28/11/2019 | |||||
| Dewey Decimal Classification | Baccah | Central Library | Central Library | Lower Floor | 11/12/2014 | 264.00 | 20677 | 1 | 1 | 004.6 TAN | 000037147 | 15/07/2025 | 04/11/2020 | 330.00 | Book - Borrowing |